书目信息 |
| 题名: |
阅读理解应试指津
|
|
| 作者: | 宋天锡 主编 | |
| 分册: | ||
| 出版信息: | 北京 国防工业出版社 2005 |
|
| 页数: | 529页 | |
| 开本: | 21cm | |
| 丛书名: | 芝麻英语丛书 | |
| 单 册: | ||
| 中图分类: | H319.4 | |
| 科图分类: | ||
| 主题词: | 英语--阅读教学--自学参考资料 | |
| 电子资源: | ||
| ISBN: | 7-118-03768-0 | |
| 000 | 00868nam 2200253 450 | |
| 001 | 0154496842 | |
| 005 | 20050922113526.18 | |
| 010 | @a7-118-03768-0@dCNY24.00 | |
| 100 | @a20050421d2005 km y0chiy0120 ea | |
| 101 | 0 | @achi |
| 102 | @aCN@b110000 | |
| 105 | @ay z 000yy | |
| 200 | 1 | @a阅读理解应试指津@Ayue du li jie ying shi zhi jin@f宋天锡主编@Fsong tian xi zhu bian |
| 210 | @a北京@c国防工业出版社@d2005 | |
| 215 | @a529页@d21cm | |
| 225 | 2 | @a芝麻英语丛书 |
| 330 | @a本书介绍了阅读理解的宏观技巧、问题设计类型及应答对策,以例喻理,举一反三;同时把实际练习分为“信心培植型练习”、“经典练习精讲”、“技巧助推式练习”等。 | |
| 333 | @a英语学习者。 | |
| 410 | 0 | @12001 @a芝麻英语丛书 |
| 606 | 0 | @a英语@x阅读教学@x自学参考资料 |
| 690 | @aH319.4@v4 | |
| 701 | 0 | @a宋天锡@Asong tian xi@4主编 |
| 801 | 0 | @aCN@bQSSK@c20050922 |
| 905 | @a10447@dH319.4@eS778 | |
| 阅读理解应试指津/宋天锡主编.-北京:国防工业出版社,2005 |
| 529页;21cm.-(芝麻英语丛书) |
| 使用对象:英语学习者。 |
| ISBN 7-118-03768-0:CNY24.00 |
| 本书介绍了阅读理解的宏观技巧、问题设计类型及应答对策,以例喻理,举一反三;同时把实际练习分为“信心培植型练习”、“经典练习精讲”、“技巧助推式练习”等。 |
| ● |
| 相关链接 |
|
|
|
正题名:阅读理解应试指津
索取号:H319.4/S778
 
预约/预借
| 序号 | 登录号 | 条形码 | 馆藏地/架位号 | 状态 | 备注 |
| 1 | 525570 | 205255702 | 语言库209/209语言库 48排5列5层/ [索取号:H319.4/S778] | 在馆 | |
| 2 | 525571 | 205255711 | 语言库209/209语言库 48排5列5层/ [索取号:H319.4/S778] | 在馆 | |
| 3 | 525572 | 205255720 | 语言库209/209语言库 48排5列5层/ [索取号:H319.4/S778] | 在馆 |